| 000 | 00481nam a22001817a 4500 | ||
|---|---|---|---|
| 003 | MPLRDC | ||
| 005 | 20220104124247.0 | ||
| 008 | 210129b ||||| |||| 00| 0 eng d | ||
| 020 | _a7-80028-176-0 | ||
| 082 | _a784.18 DIA-3 c.2 | ||
| 100 | _a安德鲁. 莫顿 | ||
| 245 |
_a戴安娜: 她的真实故事 _c莫知、小飞 译 |
||
| 250 | _a一版一刷 | ||
| 260 |
_a _b现代出版社 _c1993 |
||
| 300 | _b平 | ||
| 650 | _a英国名人传记 | ||
| 942 |
_cBK _o784.18 DIA-3 c.2 |
||
| 999 |
_c17912 _d17902 |
||